Loading...
| Other Academic | 0 | 2 | 0 | 0 | 20 | 86 | 87.00 | 0 | 1 | 20.36 | 13.33 |
| Fine Arts - Painting and Sculpture | 0 | 2 | 1 | 0 | 15 | 121 | 121.50 | 0 | 1 | 0.36 | 6.67 |
| Religion | 0 | 1 | 0 | 1 | 10 | 138 | 138.00 | 0 | 0 | 0.00 | 2.22 |
| History - American | 0 | 1 | 0 | 0 | 10 | 60 | 60.00 | 1 | 1 | 5.69 | 11.11 |
| Mythology | 0 | 1 | 0 | 0 | 10 | 102 | 102.00 | 0 | 1 | 2.04 | 4.44 |
| Fine Arts - Classical Music | 0 | 0 | 0 | 0 | 0 | 0.00 | 0 | 0 | 0.00 | 0.00 | |
| History - World | 0 | 0 | 0 | 0 | 0 | 0.00 | 0 | 0 | 0.00 | 0.00 | |
| Science - Physics | 0 | 0 | 1 | 0 | -5 | 0.00 | 0 | 0 | 0.00 | 0.00 | |
| History - European | 0 | 0 | 1 | 0 | -5 | 0.00 | 0 | 0 | 0.00 | 0.00 | |
| Literature - British | 0 | 0 | 1 | 0 | -5 | 0.00 | 0 | 0 | 0.00 | 0.00 |